A Carsey-Werner Production Quiz Stats

Quiz not verified by Sporcle

Challenge
Share
Tweet
Embed
Score 0/26 Timer 10:00
0 Plays Today
Year TV Show % Correct
1984-1992The Cosby Show
100%
1996-2000Cosby
100%
1988-1997Roseanne
92.9%
1998-2006That '70s Show
85.7%
1996-20013rd Rock from the Sun
78.6%
1987-1993A Different World
75%
1993-1998Grace Under Fire
60.7%
1995-1998Cybill
60.7%
2003-2004Whoopi
39.3%
2001-2005Grounded for Life
32.1%
1996-1997Men Behaving Badly
25%
2003-2004The Tracy Morgan Show
25%
1983-1984Oh Madeline
17.9%
Year TV Show % Correct
1998Damon
17.9%
2002That '80s Show
17.9%
1996Townies
14.3%
2000*God, the Devil, and Bob
14.3%
1989Chicken Soup
10.7%
1991-1992Davis Rules
10.7%
2000Normal, Ohio
10.7%
1990Grand
7.1%
1992Frannie's Turn
7.1%
1992-1993You Bet Your Life
7.1%
2004Game Over
7.1%
2004Good Girls Don't
7.1%
2005The Scholar
7.1%

You're not logged in!

Compare scores with friends on all Sporcle quizzes.
Sign Up with Email
OR
Log In

You Might Also Like...

Show Comments

Extras

Top Quizzes Today


Score Distribution

Your Account Isn't Verified!

In order to create a playlist on Sporcle, you need to verify the email address you used during registration. Go to your Sporcle Settings to finish the process.